000 00557nam a2200181Ia 4500
005 20250508165745.0
008 008 250505s9999 xx 000 0 hin d
037 _aTextual
040 _aFEDL
_beng
_cFEDL
041 _ahin
_2eng
084 _a363.7, RAJ
_qFEDL
245 0 _aParyavaran adhyayan: vikas sharankhla- 7
260 _aMadhya Pradesh, India
_bRajiv Gandhi Prathmik Shiksha Mission
_c1998
300 _a75p.
546 _aVaikalpik shalaon ke liye Prayogik sanskaran
942 _cTEXL
_h363.7, RAJ
999 _c1397286
_d1397286